| 000 | 00414nam a22001697a 4500 | ||
|---|---|---|---|
| 003 | NUST - PNEC | ||
| 005 | 20170116180831.0 | ||
| 008 | 150731b xxu||||| |||| 00| 0 eng d | ||
| 020 | _a0534932193 | ||
| 040 | _cLIBRARY | ||
| 082 | _a519.4 BUR | ||
| 100 |
_94609 _aBurden, Richard L |
||
| 245 |
_aNumerical analysis _cRichard L. Burden |
||
| 250 | _a5th ed | ||
| 650 |
_94611 _aNumerical _xME |
||
| 942 |
_2ddc _cBK |
||
| 999 |
_c64014 _d64014 |
||